书目信息 |
| 题名: |
数据失控
|
|
| 作者: | 切尼-利波尔德 著 ;张昌宏 译 | |
| 分册: | ||
| 出版信息: | 北京 电子工业出版社 2019.09 |
|
| 页数: | 298页 | |
| 开本: | 23cm | |
| 丛书名: | ||
| 单 册: | ||
| 中图分类: | TP274-49 | |
| 科图分类: | ||
| 主题词: | 数据处理--shu ju chu li--普及读物 | |
| 电子资源: | ||
| ISBN: | 978-7-121-35365-9 | |
| 000 | 01418nam0 2200289 450 | |
| 001 | 0109110220 | |
| 005 | 20201109110339.0 | |
| 010 | @a978-7-121-35365-9@dCNY69.00 | |
| 100 | @a20200408d2019 em y0chiy50 ea | |
| 101 | 1 | @achi@ceng |
| 102 | @aCN@b110000 | |
| 105 | @aa az 000yy | |
| 106 | @ar | |
| 200 | 1 | @a数据失控@Ashu ju shi kong@e算法时代的个体危机@dWe are data@ealgorithms and the making of our digital selves@f(美)约翰·切尼-利波尔德(John Cheney-Lippold)著@g张昌宏译@zeng |
| 210 | @a北京@c电子工业出版社@d2019.09 | |
| 215 | @a298页@c图@d23cm | |
| 314 | @a约翰·切尼-利波尔德,美国密歇根大学助理教授,从事美国文化、数码文化研究。 | |
| 320 | @a有书目 | |
| 330 | @a本书主要探讨在这个演算时代,“身份”的意义为何:演算法如何运作,在哪些层面控制了我们的生活,我们又该如何抵抗?演算法无所不在,组织全世界的数据。我们每一次使用电脑搜寻、按赞、点击与购买都是一个数据。这些复杂的系统规则,不只塑造我们在网络与现实生活中的知识与人际关系,还决定了我们的现在与未来的样貌,无论是否在线。 | |
| 510 | 1 | @aWe are data@ealgorithms and the making of our digital selves@zeng |
| 517 | 1 | @a算法时代的个体危机@Asuan fa shi dai de ge ti wei ji |
| 606 | 0 | @a数据处理@Ashu ju chu li@j普及读物 |
| 690 | @aTP274-49@v5 | |
| 701 | 1 | @c(美)@a切尼-利波尔德@Aqie ni - li bo er de@gCheney-Lippold, John@4著 |
| 702 | 0 | @a张昌宏@Azhang chang hong@4译 |
| 801 | 0 | @aCN@bBJSZM@c20201103 |
| 905 | @b1240883-6@dTP274-49@e453@f4 | |
| 数据失控:算法时代的个体危机=We are data:algorithms and the making of our digital selves/(美)约翰·切尼-利波尔德(John Cheney-Lippold)著/张昌宏译.-北京:电子工业出版社,2019.09 |
| 298页:图;23cm |
| ISBN 978-7-121-35365-9:CNY69.00 |
| 本书主要探讨在这个演算时代,“身份”的意义为何:演算法如何运作,在哪些层面控制了我们的生活,我们又该如何抵抗?演算法无所不在,组织全世界的数据。我们每一次使用电脑搜寻、按赞、点击与购买都是一个数据。这些复杂的系统规则,不只塑造我们在网络与现实生活中的知识与人际关系,还决定了我们的现在与未来的样貌,无论是否在线。 |
| ● |
| 相关链接 |
|
|
|
|
正题名:数据失控
索取号:TP274-49/453
 
预约/预借
| 序号 | 登录号 | 条形码 | 馆藏地/架位号 | 状态 | 备注 |
| 1 | 1240883 | 212408839 | 第二样本阅览室/ [索取号:TP274-49/453] | 在馆 | |
| 2 | 1240884 | 212408848 | 第三借阅区/ [索取号:TP274-49/453] | 在馆 | |
| 3 | 1240885 | 212408857 | 第三借阅区/ [索取号:TP274-49/453] | 在馆 | |
| 4 | 1240886 | 212408866 | 第三借阅区/ [索取号:TP274-49/453] | 在馆 |